000 00369nam a2200145 i 4500
001 82674
003 ES-MaACL
005 20230906174720.0
007 t|
008 041111m19571958sp ||||1| spa d
245 0 0 _aImpuestos y legislación de Hacienda.
260 _aMadrid :
_bV.A.S.A.,
_c1957-1958.
300 _av. ;
_c22 cm.
852 _aES-MaACL
_jC-17248
_bR.41998
999 _c82674
_d82674